Loading...
| Science - Biology | 2 | 3 | 4 | 1 | 40 | 35 | 88.60 | 2 | 3 | 0.00 | 0.00 |
| Science - Chemistry | 0 | 5 | 3 | 0 | 35 | 100 | 114.80 | 0 | 0 | 0.00 | 0.00 |
| Fine Arts - Classical Music and Opera | 0 | 2 | 0 | 2 | 20 | 130 | 132.00 | 0 | 0 | 0.00 | 0.00 |
| Beliefs | 0 | 2 | 0 | 0 | 20 | 94 | 104.50 | 0 | 0 | 0.00 | 0.00 |
| Science - Physics | 0 | 2 | 0 | 0 | 20 | 120 | 133.50 | 0 | 0 | 0.00 | 0.00 |
| Literature - World | 1 | 1 | 2 | 0 | 15 | 48 | 83.00 | 1 | 1 | 0.00 | 0.00 |
| Science - Other | 0 | 2 | 1 | 1 | 15 | 117 | 122.00 | 0 | 0 | 0.00 | 0.00 |
| Modern World | 0 | 1 | 0 | 0 | 10 | 83 | 83.00 | 0 | 0 | 0.00 | 0.00 |
| History - Ancient | 0 | 1 | 0 | 0 | 10 | 141 | 141.00 | 0 | 0 | 0.00 | 0.00 |
| Literature - British | 0 | 1 | 0 | 1 | 10 | 147 | 147.00 | 0 | 0 | 0.00 | 0.00 |
| Philosophy | 0 | 1 | 0 | 0 | 10 | 136 | 136.00 | 0 | 0 | 0.00 | 0.00 |
| Social Science | 0 | 1 | 0 | 0 | 10 | 125 | 125.00 | 0 | 0 | 0.00 | 0.00 |
| Literature - European | 1 | 0 | 2 | 0 | 5 | 100 | 100.00 | 0 | 1 | 0.00 | 0.00 |
| Literature - American | 0 | 1 | 1 | 0 | 5 | 126 | 126.00 | 0 | 1 | 0.00 | 0.00 |
| Fine Arts - Other Arts | 0 | 1 | 1 | 1 | 5 | 156 | 156.00 | 0 | 0 | 0.00 | 0.00 |
| Visual Arts | 0 | 0 | 1 | 0 | -5 | 0.00 | 0 | 0 | 0.00 | 0.00 | |
| Other Academic | 0 | 0 | 1 | 0 | -5 | 0.00 | 0 | 0 | 0.00 | 0.00 |